Mahathir di mata umum / (Record no. 63)
[ view plain ]
| 000 -LEADER | |
|---|---|
| fixed length control field | nam a22 a 4500 |
| 003 - CONTROL NUMBER IDENTIFIER | |
| control field | AKMAL |
| 005 - DATE AND TIME OF LATEST TRANSACTION | |
| control field | 20170413151514.0 |
| 008 - FIXED-LENGTH DATA ELEMENTS--GENERAL INFORMATION | |
| fixed length control field | 170413s1999 myk 00 may d |
| 020 ## - INTERNATIONAL STANDARD BOOK NUMBER | |
| International Standard Book Number | 9839948417 (RM200.00) |
| 040 ## - CATALOGING SOURCE | |
| Original cataloging agency | AKMAL |
| 082 04 - DEWEY DECIMAL CLASSIFICATION NUMBER | |
| Classification number | 923.595 |
| Edition number | 21 |
| 090 00 - LOCALLY ASSIGNED LC-TYPE CALL NUMBER (OCLC); LOCAL CALL NUMBER (RLIN) | |
| Classification number (OCLC) (R) ; Classification number, CALL (RLIN) (NR) | 923.595 |
| Local cutter number (OCLC) ; Book number/undivided call number, CALL (RLIN) | ZAH |
| 100 0# - MAIN ENTRY--PERSONAL NAME | |
| Personal name | Zahidi Dato' Zainol Rashid, |
| Dates associated with a name | 1953- |
| 9 (RLIN) | 201 |
| 245 10 - TITLE STATEMENT | |
| Title | Mahathir di mata umum / |
| Statement of responsibility, etc. | Zahidi B Hj. Zainol Rashid |
| 260 ## - PUBLICATION, DISTRIBUTION, ETC. | |
| Place of publication, distribution, etc. | Alor Setar : |
| Name of publisher, distributor, etc. | Koperasi Serbaguna Penulis Utara Malaysia Berhad,, |
| Date of publication, distribution, etc. | 1999 |
| 300 00 - PHYSICAL DESCRIPTION | |
| Extent | 195ms. : |
| Other physical details | ill. (some col.) ; |
| Dimensions | 30 x 30cm |
| 504 ## - BIBLIOGRAPHY, ETC. NOTE | |
| Bibliography, etc. note | Bibliografi: ms.196-199 |
| 600 00 - SUBJECT ADDED ENTRY--PERSONAL NAME | |
| Personal name | Mahathir bin Mohamad, |
| Titles and other words associated with a name | Dato' Seri, |
| Dates associated with a name | 1925- |
| 9 (RLIN) | 5 |
| 650 #0 - SUBJECT ADDED ENTRY--TOPICAL TERM | |
| Topical term or geographic name entry element | Prime ministers |
| Geographic subdivision | Malaysia |
| Form subdivision | Biography |
| 9 (RLIN) | 47 |
| 651 #0 - SUBJECT ADDED ENTRY--GEOGRAPHIC NAME | |
| Geographic name | Malaysia |
| General subdivision | Politics and government |
| 9 (RLIN) | 44 |
| 942 ## - ADDED ENTRY ELEMENTS (KOHA) | |
| Source of classification or shelving scheme | |
| Koha item type | Book |
| Withdrawn status | Lost status | Source of classification or shelving scheme | Damaged status | Not for loan | Collection code | Home library | Current library | Shelving location | Date acquired | Inventory number | Total Checkouts | Full call number | Barcode | Date last seen | Price effective from | Koha item type |
|---|---|---|---|---|---|---|---|---|---|---|---|---|---|---|---|---|
| NON-FICTION | AKMAL Melaka | AKMAL Melaka | PINJAMAN | 13.04.2017 | 900414 | 923.595 ZAH | 201700084 | 13.04.2017 | 13.04.2017 | Book |
